| 000 | 00860nas a2200241 a 4500 | ||
|---|---|---|---|
| 999 |
_c20191 _d20191 |
||
| 005 | 20180517065730.0 | ||
| 008 | 180517c2002 ck zu|p|r|||| 00| 0 spa d | ||
| 022 | _a1692-312X | ||
| 040 |
_aCO-BoIAVH _cCO-BoIAVH |
||
| 041 | 0 | _aspa | |
| 044 | _ack | ||
| 090 | _aSE | ||
| 245 | 0 | 0 |
_aInvestIgaciones de UNISARC : _bBoletín |
| 260 |
_aSanta Rosa de Cabal (Risaralda, Colombia) : _bUNISARC, _c2002-. |
||
| 300 |
_bilustraciones ; _c28 cm. |
||
| 310 | _az | ||
| 504 | _aIncluye referencias bibliográficas. | ||
| 650 | 2 | 0 |
_aInvestigación agraria _zColombia _vPublicaciones periódicas |
| 650 | 2 | 6 |
_aProducción animal _zColombia _vPublicaciones periódicas |
| 650 | 2 | 6 |
_aProducción biológica _zColombia _vPublicaciones periódicas |
| 710 | 2 | _aCorporación Universitaria Santa Rosa de Cabal UNISARC | |
| 942 |
_2z _cREVISTA _s1 |
||